| 000 | 00578nam a2200217Ia 4500 | ||
|---|---|---|---|
| 003 | OSt | ||
| 005 | 20220918105353.0 | ||
| 006 | a|||||r|||| 00| 0 | ||
| 007 | ta | ||
| 008 | 220915b |||||||| |||| 00| 0 per d | ||
| 024 | _a62,233 | ||
| 037 | _cReference Collections | ||
| 040 |
_aARTS _cARTS _bper |
||
| 041 |
_2per _aper |
||
| 082 | _aU.45k, 164H1.1-.8 | ||
| 245 | 0 | _aFarhang-e-geographiaai Iran | |
| 260 | _c1941 | ||
| 650 |
_aGEOGRAPHY _9599 |
||
| 942 |
_hU.45k, 164H1.1-.8 _cREF |
||
| 999 |
_c106438 _d106438 |
||